Metal contamination of food /
Guardado en:
| Autor Principal: | |
|---|---|
| Formato: | Libro |
| Idioma: | Undetermined |
| Publicado: |
London :
Applied Science Publishers,
c1980.
|
| Materias: | |
| Etiquetas: |
Agregar Etiqueta
Sin Etiquetas, Sea el primero en etiquetar este registro!
|
| LEADER | 00673nam a22002055a 4500 | ||
|---|---|---|---|
| 001 | EIQ.libpla002348 | ||
| 008 | 070531s1980####enk######b####001#0#und#d | ||
| 005 | 20070531152715.0 | ||
| 245 | 1 | 0 | |a Metal contamination of food / |c Conor Reilly. |
| 260 | |a London : |b Applied Science Publishers, |c c1980. | ||
| 300 | |a xvi, 235 p. ; |c 23 cm. | ||
| 504 | |a Incluye referencias bibliográficas e índice. | ||
| 020 | |a 0853349053 | ||
| 100 | 1 | |a Reilly, Conor. | |
| 650 | 4 | |a Metales |x Toxicología. | |
| 650 | 4 | |a Alimento |x Contaminación. | |
| 650 | 4 | |a Metals |x Toxicology. | |
| 650 | 4 | |a Food |x Contamination. | |
| 040 | |a AR-BbSID |b spa |c AR-BbSID | ||
| 859 | |a AR-BbSID |b BIB. PLAPIQUI |h 664.07 |i R 27 |p 1730 | ||
